ბათუმის შოთა რუსთაველის სახელმწიფო უნივერსიტეტის ბიბლიოთეკა

Курс высшей математики. Том четвертый. (ბიბ.ჩანაწერი № 37263)

000 -LEADER
fixed length control field 00657nam a2200217Ia 4500
001 - CONTROL NUMBER
control field 3222
003 - CONTROL NUMBER IDENTIFIER
control field GE_BSU
008 - FIXED-LENGTH DATA ELEMENTS--GENERAL INFORMATION
fixed length control field 181216s||||||||xx |||||||||||||| ||und||
040 ## - CATALOGING SOURCE
Transcribing agency GE_BSU
080 ## - UNIVERSAL DECIMAL CLASSIFICATION NUMBER
Universal Decimal Classification number 51(075.8)
100 ## - MAIN ENTRY--PERSONAL NAME
Personal name Смирнов.В.И.
245 ## - TITLE STATEMENT
Title Курс высшей математики. Том четвертый.
245 ## - TITLE STATEMENT
Remainder of title Учебник.
245 ## - TITLE STATEMENT
Statement of responsibility, etc. Ред. Г.П.Акилов.
250 ## - EDITION STATEMENT
Edition statement Изд. пятое.
260 ## - PUBLICATION, DISTRIBUTION, ETC.
Place of publication, distribution, etc. М.
260 ## - PUBLICATION, DISTRIBUTION, ETC.
Name of publisher, distributor, etc. Гос. изд-во физико-математической лит-ры.
300 ## - PHYSICAL DESCRIPTION
Extent 812 стр. 22 см.
653 ## - INDEX TERM--UNCONTROLLED
Uncontrolled term Курс высшей математики.
942 ## - ADDED ENTRY ELEMENTS (KOHA)
Koha item type წიგნი
ეგზემპლარები
Withdrawn status Lost status Damaged status Not for loan Date acquired Barcode Date last seen Price effective from Koha item type
        2018-12-17 9157 2018-12-17 2018-12-17 წიგნი